[Event "Josef Kupper Memorial 2019"]
[Site "Zurich"]
[Date "2019.08.17"]
[Round "5.1"]
[White "Kovalenko, Igor"]
[Black "Maghsoodloo, Parham"]
[Result "1/2-1/2"]
[WhiteElo "2654"]
[BlackElo "2656"]
[Annotator "TA"]
[PlyCount "120"]
[EventDate "2019.08.14"]
[EventType "swiss"]
[EventCountry "SUI"]
[SourceTitle "playchess.com"]
[Source "ChessBase"]
[SourceQuality "1"]

{[%evp 9,120,0,0,-25,-16,-28,-49,-60,16,0,24,-23,-16,-22,-17,-21,0,0,8,14,7,16,9,7,10,4,8,8,14,0,14,-6,-6,-19,-8,-13,18,18,32,19,28,18,18,0,10,0,61,57,200,25,29,0,9,0,0,-49,-36,-50,-43,-87,-41,-47,-45,-46,-43,-47,-50,-78,-43,-54,-39,-167,-174,-168,-176,-134,-41,-59,-58,-45,0,-18,-7,-16,0,0,0,0,0,0,0,0,0,0,0,0,0,0,0,0,0,0,0,-41,-40,-36,-8,-8,-8,-63,-63,-63,-55]} 1. e4 e5 2. Nf3 Nc6 3. Bb5 a6 4. Ba4 Nge7 5. h4 d6 6. c3 {C70: Ruy Lopez: 3...a6 4 Ba4, Norwegian and Delayed Schliemann} Bg4 $146 ({Predecessor:} 6... b5 7. Bb3 Na5 8. Bc2 h5 9. d4 Ng6 10. dxe5 Nxe5 {½-½ (10) Gharamian,T (2676)-Miton,K (2622) San Sebastian 2011}) 7. h5 Qd7 8. d3 f5 (8... O-O-O $15) 9. Nbd2 $11 {[%cal Bb1d2,Bd2f1,Bf1h2,Bh2f3][%mdl 32]} g5 10. Nf1 f4 11. N1h2 Bxh5 12. Bxc6 bxc6 {[#]} 13. Nxe5 $1 {[%mdl 512]} Bxd1 (13... dxe5 14. Qxh5+) 14. Nxd7 Kxd7 15. Kxd1 Bg7 16. Nf3 h6 17. Kc2 c5 18. Bd2 Raf8 19. Rh5 Ng8 20. Re1 Nf6 21. Rhh1 Ng4 22. Re2 c6 23. d4 cxd4 24. cxd4 c5 25. Bc3 Rc8 {...cxd4 is the strong threat.} 26. Rd1 Rhe8 27. Kb3 c4+ ({Black should try} 27... cxd4 $11 28. Bxd4 Be5) 28. Kc2 $14 d5 {[#]} (28... Rc7 $14) 29. e5 $2 (29. Ne5+ $1 $18 {[%mdl 512]} Bxe5 (29... Nxe5 30. dxe5) 30. dxe5) 29... Ke6 $11 30. Rh1 Kf5 31. Kd1 Kg6 32. Ne1 h5 33. Nc2 Bf8 34. Rh3 Nh6 (34... Rb8 {with more complications.} 35. Rh1 Re6 36. Rd2 h4 37. Kc1 Be7) 35. Bb4 a5 36. Bxf8 Rxf8 37. Ra3 Ra8 38. Rc3 Rfc8 39. e6 Kf6 40. Rh3 (40. g3 $15) 40... h4 $19 41. g3 {next gxf4 is good for White.} Nf5 42. gxf4 {[#]} gxf4 (42... g4 $1 $17 {[%cal Rg4h3]} 43. Rh2 Rab8) 43. Re5 $1 $15 Rab8 44. Rxd5 {Strongly threatening Rf3.} Rg8 45. Rxa5 Rxb2 46. Kc1 Rb7 47. Kd2 Kxe6 48. Kc3 Rh7 49. Ne1 Nd6 50. Nf3 Ne4+ 51. Kc2 {aiming for Re5+.} Nxf2 52. Rxh4 Rxh4 53. Nxh4 $11 {[%mdl 4096] Endgame KRN-KRN} Rg4 54. Nf3 Rg3 55. d5+ Kf6 56. Ra6+ Kf5 57. Nd4+ $1 Ke5 58. Ne2 Rd3 {[#] And now ...Nd1 would win.} ({Wrong is} 58... Kxd5 $2 59. Nxg3 fxg3 60. Rg6 $18) 59. Nxf4 $1 {[%mdl 512]} Kxf4 $15 60. Rc6 Rxd5 {Accuracy: White = 47%, Black = 52%.} 1/2-1/2

[Event "Josef Kupper Memorial 2019"]
[Site "Zurich"]
[Date "2019.08.17"]
[Round "5.2"]
[White "Donchenko, Alexander"]
[Black "Iturrizaga Bonelli, Eduardo"]
[Result "1/2-1/2"]
[WhiteElo "2618"]
[BlackElo "2635"]
[Annotator "TA"]
[PlyCount "35"]
[EventDate "2019.08.14"]
[EventType "swiss"]
[EventCountry "SUI"]
[SourceTitle "playchess.com"]
[Source "ChessBase"]
[SourceQuality "1"]

{[%evp 16,35,8,8,9,0,14,7,9,12,10,10,5,11,22,19,14,0,0,-3,0,-31]} 1. d4 Nf6 2. c4 e6 3. Nc3 Bb4 4. Qc2 O-O 5. Nf3 c5 6. dxc5 Na6 {[%cal Bb8a6,Ba6c5,Bc5e4][%mdl 32]} 7. g3 Nxc5 8. Bg2 Nce4 9. O-O {The position is equal.} Bxc3 {E39: Nimzo-Indian: Classical: 4...c5 5 dxc5 0-0} (9... Nxc3 10. bxc3 Be7 11. e4 d6 12. e5 dxe5 13. Nxe5 Qc7 14. Qe2 Nd7 15. Bf4 Nxe5 16. Bxe5 Bd6 17. Rfe1 Rb8 18. Rad1 Bxe5 19. Qxe5 Qxe5 20. Rxe5 b6 21. c5 Ba6 22. c6 {½-½ (43) Nakamura,H (2781)-Caruana,F (2799) London 2017}) 10. bxc3 Qc7 11. Nd4 d5 12. cxd5 exd5 13. Bf4 Qc5 {[#]} 14. Be3 $146 ({Predecessor:} 14. Rac1 Bd7 15. Qb3 b6 16. Qb4 Rfc8 17. Nb3 {½-½ (75) Dreev,A (2649)-Iturrizaga Bonelli,E (2636) Bastia 2018}) 14... Re8 15. Rac1 Bd7 16. Qb3 b5 17. Qb4 Rac8 {[%cal Re4c3]} 18. Qxc5 1/2-1/2

[Event "Josef Kupper Memorial 2019"]
[Site "Zurich"]
[Date "2019.08.17"]
[Round "5.3"]
[White "Van Foreest, Jorden"]
[Black "Epishin, Vladimir"]
[Result "1/2-1/2"]
[WhiteElo "2626"]
[BlackElo "2553"]
[Annotator "TA"]
[PlyCount "75"]
[EventDate "2019.08.14"]
[EventType "swiss"]
[EventCountry "SUI"]
[SourceTitle "playchess.com"]
[Source "ChessBase"]
[SourceQuality "1"]

{[%evp 19,75,35,44,37,31,16,39,32,31,34,32,29,33,40,24,29,31,13,13,10,4,5,37,38,65,56,66,64,111,106,237,97,83,0,0,-19,0,0,24,30,33,40,37,0,39,39,31,16,16,16,16,5,8,17,14,0,9,0]} 1. e4 e6 2. d4 d5 3. Nc3 dxe4 4. Nxe4 Bd7 5. Nf3 Bc6 6. Bd3 Nd7 7. O-O Be7 8. Qe2 Ngf6 9. Ng3 Bxf3 10. Qxf3 c6 11. a4 {C10: French with 3 Nc3: Unusual Black 3rd moves and 3...dxe4} (11. Re1 O-O 12. c3 Re8 13. Bf4 Bf8 14. Rad1 Qa5 15. a3 Qd5 16. Ne4 Nxe4 17. Bxe4 Qb3 18. Bc1 Nf6 {½-½ (62) Dominguez Perez,L (2719)-Gelfand,B (2758) Moscow 2009}) 11... O-O 12. c3 Qc7 $146 ({Predecessor:} 12... a5 13. Re1 Re8 14. Re2 Bf8 15. Bf4 Nd5 16. Ne4 Nxf4 17. Qxf4 h6 18. Nd6 Bxd6 19. Qxd6 {0-1 (34) Kasperek,R (2172)-Dudzinski,P (2304) Jastrzebia Gora 2018}) 13. Bc2 {White is slightly better.} Rfe8 14. Re1 Rad8 15. Be3 c5 16. Ne4 cxd4 17. Bxd4 Nxe4 18. Bxe4 (18. Rxe4 {is more complex.} Nf6 19. Rh4 Rd5 20. Bxf6 Bxf6 21. Bxh7+ Kf8 22. Rb4) 18... Bc5 19. Bxb7 Bxd4 20. cxd4 Nb8 21. Red1 Qb6 22. a5 Qxb2 23. Rab1 Qa2 {[#]} 24. Qc3 $1 Nd7 (24... Qa4 $16) 25. d5 (25. Bc6 $18 Rc8 26. Rdc1) 25... Nf6 26. d6 (26. Qc5 $16) 26... Rxd6 $1 $11 27. g3 Red8 28. Kg2 $1 h5 29. Rxd6 Rxd6 30. Rb2 Qa4 $1 31. a6 Qd4 32. Qxd4 Rxd4 $14 {[%mdl 4096] Endgame KRB-KRN} 33. Bf3 g5 {The position is equal.} 34. Rb7 g4 35. Be2 Rd7 36. Bb5 Rd5 37. Be2 Rd7 38. Bb5 {Accuracy: White = 49%, Black = 55%.} 1/2-1/2

[Event "Josef Kupper Memorial 2019"]
[Site "Zurich"]
[Date "2019.08.17"]
[Round "5.4"]
[White "Bluebaum, Matthias"]
[Black "Theodorou, Nikolas"]
[Result "1-0"]
[WhiteElo "2619"]
[BlackElo "2548"]
[Annotator "TA"]
[PlyCount "115"]
[EventDate "2019.08.14"]
[EventType "swiss"]
[EventCountry "SUI"]
[SourceTitle "playchess.com"]
[Source "ChessBase"]
[SourceQuality "1"]

{[%evp 12,114,54,20,41,43,51,30,34,20,34,43,28,23,15,30,31,27,35,41,36,30,92,89,96,82,87,24,27,20,52,60,147,150,147,137,142,153,133,143,161,148,148,122,131,112,172,136,141,139,158,163,195,188,184,192,183,195,179,121,175,161,180,180,175,127,370,363,356,289,294,289,629,627,616,608,631,597,662,656,654,650,596,510,831,823,1963,949,5098,4814,4582,797,5720,5716,29983,29984,29984,29985,29985,29986,29990,29991,29998,29999,29999]} 1. d4 Nf6 2. c4 g6 3. Nc3 Bg7 4. e4 d6 5. h3 O-O 6. Be3 Na6 7. Nf3 c6 {E90: King's Indian: Classical: Early deviations and 6 h3} 8. Bd3 (8. Rc1 e5 9. d5 cxd5 10. cxd5 Ne8 11. g4 Kh8 12. Be2 f5 13. gxf5 gxf5 14. exf5 Bxf5 15. Ng5 {1-0 (36) Nepomniachtchi,I (2751)-Adhiban,B (2677) Tbilisi 2017}) 8... e5 9. O-O exd4 {White has an edge.} 10. Nxd4 Re8 11. Qd2 $146 ({Predecessor:} 11. a3 Nc5 12. Qc2 Qc7 13. Rae1 a5 14. f4 Nxd3 15. Qxd3 Nxe4 16. f5 {½-½ (46) Shrestha,S (1978)-Pradeep,K (2264) New Delhi 2013}) 11... Nc5 {[%cal Rf6e4]} 12. f3 d5 13. cxd5 Nxd3 14. Qxd3 cxd5 15. Rad1 dxe4 16. fxe4 Qa5 (16... Be6 $11 {keeps the balance.}) 17. Nb3 $16 Qa6 18. Qxa6 bxa6 19. Nc5 (19. Bg5 $1 $16 {[%cal Rg5f6]} Nh5 20. Nd5) 19... Bf5 20. e5 Bf8 21. Nxa6 Rxe5 ({Better is} 21... Rac8 $1 $14) 22. Bd4 $36 {[%mdl 2048] White is really pushing.} Ra5 {aiming for ...Ne8.} 23. Nc7 $1 {[%cal Rc7a8]} ({Reject} 23. Bxf6 $6 Rxa6 24. Nd5 Rc8 $11) 23... Rc8 24. Bxf6 {Threatens to win with g4.} Rxc7 25. Bd8 {[%mdl 64] Skewer} Rac5 26. Bxc7 Rxc7 27. Rfe1 Kg7 28. Re2 h5 (28... Be6 $16 {was called for.} 29. Nd5 Rc5) 29. Nd5 Rb7 30. b3 Bc5+ 31. Kh1 a5 32. Re5 Bd6 33. Re8 Bg3 34. Re7 Rb8 35. Ra7 (35. Nc3 $18) 35... Rb5 {[#]} (35... Re8 $16 {might work better.}) 36. Ne3 $1 $18 Be6 {White must now prevent ...Bf2.} 37. Nc4 h4 38. Nxa5 Re5 $2 {[#]} (38... Bf2 $16 {was necessary.} 39. Ra6 Rg5) 39. Nc6 $1 {[%cal Rc6e5]} Re3 40. Nd8 Bd5 41. Rd7 Ba8 $2 (41... Be4 42. Rxf7+ Kg8) 42. Rxf7+ Kg8 {intending ...Re2.} 43. Ra7 Be4 {Hoping for ...Bf2.} 44. Nf7 {Nh6+ would kill now.} Bd5 45. Nh6+ Kh8 46. Rf1 {Intending Rf8+ and mate.} Re8 47. a4 {[%cal Ba2a4,Ba4a5][%mdl 32]} Bxb3 (47... Bb8 $142) 48. Ng4 {And now Nf6 would win.} Bg8 49. a5 g5 50. Nf6 Rf8 51. Re7 (51. a6 $142 Bf4 52. Nxg8 Rxg8 53. Rb7) 51... g4 52. hxg4 h3 53. Rf3 {White mates.} hxg2+ 54. Kxg2 Bh4 {[#]} 55. Rh3 $1 Rf7 56. Rxh4+ Bh7 57. Rxh7+ Rxh7 58. Rxh7# {Accuracy: White = 75%, Black = 34%.} 1-0

[Event "Josef Kupper Memorial 2019"]
[Site "Zurich"]
[Date "2019.08.17"]
[Round "5.5"]
[White "Puranik, Abhimanyu"]
[Black "Martirosyan, Haik M."]
[Result "0-1"]
[WhiteElo "2550"]
[BlackElo "2619"]
[Annotator "TA"]
[PlyCount "59"]
[EventDate "2019.08.14"]
[EventType "swiss"]
[EventCountry "SUI"]
[SourceTitle "playchess.com"]
[Source "ChessBase"]
[SourceQuality "1"]

{[%evp 15,59,18,12,11,16,10,22,27,31,37,45,0,24,14,24,-4,-7,0,35,-16,-22,-12,0,-25,-38,-64,0,-25,75,48,38,46,52,0,0,0,0,0,0,0,0,0,0,0,27,31]} 1. e4 e6 2. d4 d5 3. Nd2 c5 4. Ngf3 cxd4 5. Nxd4 Nc6 6. Bb5 Bd7 7. Nxc6 bxc6 8. Bd3 Qc7 9. Qe2 {C07: French Tarrasch: 3...c5, 4 Ngf3 and 4 exd5 Qxd5} Bd6 10. Nf3 dxe4 11. Qxe4 {The position is equal.} Nf6 12. Qh4 h6 13. Bd2 {[#]} Ke7 $146 ({Predecessor:} 13... c5 14. O-O-O Rb8 15. Rhe1 Bc6 16. Bc3 Bxf3 17. gxf3 {1-0 (42) McShane,L (2644)-Howell,D (2702) Llandudno 2017}) 14. Bc3 c5 15. O-O-O Bc6 16. Kb1 $36 {[%mdl 2048] White has good play.} Rab8 17. Rhe1 ({White should try} 17. Rde1 $1 $14) 17... Bxf3 $1 $11 18. gxf3 Bf4 19. a3 Rhd8 20. Ka2 Rd5 (20... c4 $15 21. Be2 Rxd1 22. Rxd1 Kf8) 21. Re4 g5 (21... Bg5 $11 {keeps the balance.} 22. Qg3 Qb6) 22. Bxf6+ Kxf6 23. Qxh6+ Ke7 24. b3 ({White should play} 24. h4 $14) 24... c4 $1 {[%cal Rc4b3]} 25. Rxc4 Qe5 {[#] Hoping for ...Rh8.} 26. Re4 Qc3 {White must now prevent ...Rh8.} 27. Rc4 Qe5 {...Rh8 is the strong threat.} 28. Qh7 Rh8 29. Qe4 Qd6 30. Rb4 {[%mdl 32768] Accuracy: White = 39%, Black = 48%. . Loss on time!?} 0-1

[Event "Josef Kupper Memorial 2019"]
[Site "Zurich"]
[Date "2019.08.17"]
[Round "5.6"]
[White "Harsha Bharathakoti"]
[Black "Svane, Rasmus"]
[Result "1/2-1/2"]
[WhiteElo "2489"]
[BlackElo "2610"]
[Annotator "TA"]
[PlyCount "44"]
[EventDate "2019.08.14"]
[EventType "swiss"]
[EventCountry "SUI"]
[SourceTitle "playchess.com"]
[Source "ChessBase"]
[SourceQuality "1"]

{[%evp 16,44,14,19,18,18,22,24,18,27,26,18,16,-20,-22,-24,-14,-44,-19,-19,-24,-18,-22,-21,-22,-23,0,-6,-16,-10,0]} 1. c4 e6 2. Nc3 Nf6 3. e4 d5 4. e5 d4 5. exf6 dxc3 6. bxc3 Qxf6 7. d4 b6 8. Nf3 Bb7 9. Bd3 {With the idea Bg5.} h6 {A18: English Opening: Flohr-Mikenas System (1 c4 Nf6 2 Nc3 e6 3 e4)} 10. O-O Bd6 11. Re1 (11. Nd2 O-O 12. Re1 Qh4 13. h3 c5 14. Ne4 Bc7 15. Rb1 Nd7 16. Nxc5 Nxc5 17. dxc5 {½-½ (26) Radjabov,T (2751)-Wojtaszek,R (2727) Batumi 2018}) 11... Nd7 {[%cal Bb8d7,Bd7f6,Bf6e4][%mdl 32] White has an edge.} 12. Nd2 Qh4 13. g3 Qd8 14. Qg4 $146 ({Predecessor:} 14. a4 O-O 15. a5 Nf6 16. Ne4 Rc8 17. Qf3 Nxe4 18. Bxe4 Bxe4 19. Rxe4 Qd7 20. Qh5 f5 21. Re1 f4 {½-½ (21) Van Vugt,W (2218)-Walka,W (2252) ICCF email 2015}) 14... O-O 15. a4 Nf6 16. Qh4 Re8 (16... c5 {is more complex.} 17. Nb3 Re8 18. a5 Rc8 19. axb6 axb6 20. Ra7 Bc6) 17. Ne4 Nxe4 18. Qxd8 Raxd8 19. Bxe4 Bxe4 20. Rxe4 c5 21. Re2 Rc8 22. Rc2 Re7 1/2-1/2

[Event "Josef Kupper Memorial 2019"]
[Site "Zurich"]
[Date "2019.08.17"]
[Round "5.7"]
[White "Arjun Kalyan"]
[Black "Bogner, Sebastian"]
[Result "1/2-1/2"]
[WhiteElo "2482"]
[BlackElo "2569"]
[Annotator "TA"]
[PlyCount "39"]
[EventDate "2019.08.14"]
[EventType "swiss"]
[EventCountry "SUI"]
[SourceTitle "playchess.com"]
[Source "ChessBase"]
[SourceQuality "1"]

{[%evp 9,39,13,0,1,20,9,25,0,1,0,0,0,0,0,0,0,0,0,0,0,0,0,22,5,4,0,0,0,0,0,0,-31]} 1. e4 c6 2. d4 d5 3. e5 Bf5 4. h4 h5 5. Bd3 Bxd3 6. Qxd3 {With the idea e6. B12: Caro-Kann: Advance Variation} Qa5+ 7. Nd2 {Threatening e6!} e6 8. Ngf3 {White has an edge.} Qa6 $146 {The position is equal.} ({Predecessor:} 8... Nh6 9. O-O Qa6 10. c4 Nd7 11. b3 {0-1 (43) Kollars,D (2510)-Saric,I (2621) Helsingor 2017}) 9. c4 Ne7 10. O-O Nf5 11. b3 {[%cal Bb2b3,Bb3b4,Bb4b5][%mdl 32]} Nd7 12. a4 Bb4 13. Ba3 Bxd2 14. Nxd2 Nxh4 15. b4 Nf5 ({Don't play} 15... Qxa4 $6 16. b5 $16) 16. b5 Qb6 $1 {[%cal Rb6d4]} ({Wrong is} 16... Qxa4 $2 17. Bd6 $18) 17. Nf3 dxc4 18. Qxc4 cxb5 19. axb5 Qd8 $1 20. Rfc1 1/2-1/2

[Event "Josef Kupper Memorial 2019"]
[Site "Zurich"]
[Date "2019.08.17"]
[Round "5.8"]
[White "Karthik Venkataraman"]
[Black "Tabatabaei, M.amin"]
[Result "0-1"]
[WhiteElo "2462"]
[BlackElo "2601"]
[Annotator "TA"]
[PlyCount "108"]
[EventDate "2019.08.14"]
[EventType "swiss"]
[EventCountry "SUI"]
[SourceTitle "playchess.com"]
[Source "ChessBase"]
[SourceQuality "1"]

{[%evp 14,108,0,0,0,0,2,4,12,8,0,-90,-90,-79,-86,-75,-84,-80,-49,-54,-45,-52,-57,-52,-52,-55,-54,-57,0,0,0,0,0,0,0,0,7,0,17,18,17,0,0,0,0,0,0,0,0,0,0,0,0,0,0,0,0,0,0,0,0,0,0,-3,10,12,12,12,11,0,0,0,0,-64,-64,-113,-8,-35,-35,-132,-124,-213,-213,-213,-213,-206,-205,-199,-214,-289,-285,-996,-996,-996,-996,-806,-814]} 1. d4 Nf6 2. c4 e6 3. Nf3 d5 4. Nc3 c6 5. g3 dxc4 6. Bg2 b5 7. O-O Bb7 8. Ne5 a6 {[%cal Ba7a6,Ba6a5,Ba5a4][%mdl 32] E04: Open Catalan: 5 Nf3} 9. b3 (9. a4 Qc8 10. e4 Nbd7 11. f4 Be7 12. f5 exf5 13. Rxf5 b4 14. Nxd7 Nxd7 15. Nb1 O-O 16. a5 {0-1 (34) Piorun,K (2631)-Duda,J (2731) Poland 2018}) 9... b4 10. Na4 c3 {The position is equal.} 11. a3 a5 $1 12. Nc5 $146 (12. Qc2 $11) ({Predecessor:} 12. axb4 axb4 13. Nc4 Be7 14. Bf4 Nd5 15. Bxb8 Rxb8 {0-1 (32) Perelshteyn,E (2517)-Sevian,S (2565) Chicago 2015}) 12... Bxc5 $1 $17 13. dxc5 Qxd1 14. Rxd1 a4 15. Rd4 axb3 {Hoping for ...b2.} (15... Na6 {looks sharper.} 16. bxa4 b3 17. Rb1 Nxc5 18. Nd3 c2) 16. Rxb4 {[%mdl 64] Double Attack} b2 17. Bxb2 $1 cxb2 18. Rxb2 Bc8 $1 19. Nxc6 Nbd7 20. Ne7 Kxe7 ({Black should play} 20... Nd5 $1 $15 21. Bxd5 exd5 22. Nxd5 Ra5) 21. Bxa8 $11 Nxc5 22. Rc1 Nfd7 23. Bc6 Ba6 24. f3 g5 25. a4 h5 26. h4 gxh4 27. Bxd7 Nxd7 28. gxh4 Ra8 29. Kf2 Ne5 30. Rb4 f5 31. Rc5 Kd6 32. Rc3 Ra7 33. Rd4+ Ke7 34. Rc5 Nd7 35. Rc6 Ne5 36. Rc5 Nd7 37. Ra5 Nb8 {Threatens to win with ...Nc6.} 38. Rd2 Rb7 (38... Nc6 $5 39. Rc5 $8 Bb7 $11) 39. e4 fxe4 $1 40. fxe4 Rb4 41. Rxh5 Rxe4 42. Rh7+ Kf6 43. Rb2 (43. Rd6 $11) 43... Nc6 $15 44. Rb6 Nb4 (44... Re2+ $1 $17 45. Kg3 (45. Kf1 Bd3 $17) 45... Bd3) 45. Rh6+ Kf5 46. Rh8 (46. Kg3 $15) 46... Nd3+ $17 {[%mdl 64] Discovered Attack} 47. Kg3 {[#]} (47. Kf3 $17 Rxa4 48. Rf8+ Ke5 49. Kg3) 47... Re3+ $1 $19 ({And not} 47... Rxa4 48. Rh5+ Kg6 49. Rd5 $11) 48. Kh2 Bc4 49. Rf8+ {[#]} Ke5 $1 50. h5 {intending h6.} Bd5 51. a5 Nf4 {And now ...Rh3+ would win.} 52. a6 $2 (52. Rbb8) 52... Rh3+ {[%mdl 64] Double Attack. Black is clearly winning.} 53. Kg1 Rg3+ 54. Kf2 Rf3+ {Accuracy: White = 55%, Black = 72%.} 0-1

[Event "Josef Kupper Memorial 2019"]
[Site "Zurich"]
[Date "2019.08.17"]
[Round "5.9"]
[White "Idani, Pouya"]
[Black "Krishna C R G"]
[Result "1-0"]
[WhiteElo "2581"]
[BlackElo "2444"]
[Annotator "RC"]
[PlyCount "95"]
[EventDate "2019.08.14"]
[EventType "swiss"]
[EventCountry "SUI"]
[SourceTitle "playchess.com"]
[Source "ChessBase"]
[SourceQuality "1"]
[TimeControl "40/5400+30:1800+30"]

1. e4 {[%emt 0:00:00]} e6 {[%emt 0:00:00]} 2. d4 {[%emt 0:00:00]} d5 {[%emt 0:00:00]} 3. Nc3 {[%emt 0:00:00]} Nf6 {[%emt 0:00:00]} 4. e5 {[%emt 0:00:00]} Nfd7 {[%emt 0:00:00]} 5. f4 {[%emt 0:00:00]} c5 {[%emt 0:00:00]} 6. Nf3 {[%emt 0:00:02]} Nc6 {[%emt 0:00:00]} 7. Be3 {[%emt 0:00:03]} Be7 {[%emt 0:00:02]} 8. Qd2 {[%emt 0:01:03]} O-O {[%emt 0:00:55]} 9. dxc5 {[%emt 0:00:04]} Qa5 {[%emt 0:01:08]} 10. a3 {[%emt 0:00:42]} Nxc5 {[%emt 0:05:50]} 11. O-O-O {[%emt 0:02:38]} Rd8 {[%emt 0:10:37]} 12. Be2 {[%emt 0:14:26]} Bd7 {[%emt 0:10:40]} 13. Kb1 {[%emt 0:07:49]} Rac8 {[%emt 0:09:48]} 14. f5 {[%emt 0:09:09]} Ne4 {[%emt 0:26:37]} 15. Nxe4 {[%emt 0:00:10]} dxe4 {[%emt 0:00:09]} 16. Qxa5 {[%emt 0:00:43]} Nxa5 {[%emt 0:00:02]} 17. f6 {[%emt 0:00:06]} Bxa3 {[%emt 0:11:43]} 18. bxa3 {[%emt 0:06:05]} exf3 {[%emt 0:00:02]} 19. gxf3 {[%emt 0:00:16]} Ba4 {[%emt 0:03:40]} 20. Rxd8+ {[%emt 0:04:33]} Rxd8 {[%emt 0:00:01]} 21. Rg1 {[%emt 0:02:21]} g6 {[%emt 0:00:02]} 22. Rg4 {[%emt 0:07:24]} b5 {[%emt 0:00:25]} 23. Bd3 {[%emt 0:09:10]} Nc6 {[%emt 0:02:12]} 24. Re4 {[%emt 0:00:04]} Rd5 {[%emt 0:04:03]} 25. f4 {[%emt 0:00:45]} a6 {[%emt 0:00:14]} 26. Kc1 {[%emt 0:02:19]} Rd7 {[%emt 0:00:48]} 27. Bc5 {[%emt 0:01:12]} Rd5 {[%emt 0:03:14]} 28. Bd6 {[%emt 0:02:34]} Na5 {[%emt 0:01:50]} 29. Be2 {[%emt 0:05:15]} Nb7 {[%emt 0:02:33]} 30. Be7 {[%emt 0:00:27]} Rd7 {[%emt 0:01:00]} 31. Bf3 {[%emt 0:05:19]} Na5 {[%emt 0:01:09]} 32. Bd6 {[%emt 0:02:56]} Nc4 {[%emt 0:02:42]} 33. Rd4 {[%emt 0:01:04]} Ne3 {[%emt 0:01:17]} 34. Rd3 {[%emt 0:04:05]} Nf5 {[%emt 0:01:21]} 35. Rc3 {[%emt 0:02:03]} Rd8 {[%emt 0:00:38]} 36. Bb7 {[%emt 0:01:11]} h5 {[%emt 0:00:43]} 37. Bxa6 {[%emt 0:01:18]} h4 {[%emt 0:01:17]} 38. Rd3 {[%emt 0:02:56]} Kh7 {[%emt 0:00:36]} 39. Bb7 {[%emt 0:01:06]} Kh6 {[%emt 0:00:41]} 40. Bc5 {[%emt 0:01:48]} Rxd3 {[%emt 0:00:59]} 41. cxd3 {[%emt 0:30:06]} g5 {[%emt 0:01:23]} 42. fxg5+ {[%emt 0:00:00]} Kxg5 {[%emt 0:00:05]} 43. Bc6 {[%emt 0:00:00]} h3 {[%emt 0:01:42]} 44. Be8 {[%emt 0:00:00]} Kg6 {[%emt 0:00:08]} 45. Kd2 {[%emt 0:00:00]} Nh6 {[%emt 0:11:07]} 46. Ke3 {[%emt 0:00:00]} Kf5 {[%emt 0:05:58]} 47. d4 {[%emt 0:00:00]} Kg6 {[%emt 0:10:48]} 48. Ke4 1-0

[Event "Josef Kupper Memorial 2019"]
[Site "Zurich"]
[Date "2019.08.17"]
[Round "5.10"]
[White "Vaibhav, Suri"]
[Black "Gaehwiler, Gabriel"]
[Result "1-0"]
[WhiteElo "2591"]
[BlackElo "2397"]
[Annotator "TA"]
[PlyCount "53"]
[EventDate "2019.08.14"]
[EventType "swiss"]
[EventCountry "SUI"]
[SourceTitle "playchess.com"]
[Source "ChessBase"]
[SourceQuality "1"]

{[%evp 15,53,33,35,44,73,75,75,51,80,50,51,46,82,89,88,80,100,94,158,170,319,309,354,347,443,483,500,494,525,504,519,527,527,522,816,783,1276,1276,1263,1222]} 1. c4 Nf6 2. Nc3 g6 3. d4 Bg7 4. e4 d6 5. Nf3 O-O 6. h3 Na6 7. Be3 e5 8. d5 Nh5 9. g3 {E90: King's Indian: Classical: Early deviations and 6 h3} (9. a3 c5 10. dxc6 bxc6 11. b4 f5 12. Qa4 c5 13. Rd1 Bb7 14. bxc5 f4 15. c6 fxe3 16. cxb7 exf2+ 17. Kd2 Nc5 18. bxa8=Q Qxa8 {0-1 (18) Kovalenko,I (2684)-Mamedov,R (2688) Tallinn 2016}) 9... Qe8 10. Be2 f5 11. exf5 {White is better.} gxf5 12. Ng5 Nf6 13. Rg1 h6 14. Nf3 Nc5 15. Qc2 Nfe4 $146 ({Predecessor:} 15... Nce4 16. Nxe4 {1-0 (36) Ronneland,D (2402)-Juarez,G (2049) ICCF email 2016}) 16. Nxe4 $1 Nxe4 (16... fxe4 $142 17. Nd2 Nd3+ $1 {[%mdl 512]} 18. Bxd3 exd3 19. Qxd3 Bf5) 17. g4 $16 Kh8 {[#]} (17... c6 {keeps fighting.} 18. dxc6 bxc6) 18. Nh4 $1 $18 Ng5 19. gxf5 Nxh3 20. Rh1 {White is clearly winning.} Nf4 21. O-O-O Rf6 22. Rdg1 Qf7 {[%cal Rc8f5]} 23. Bxf4 exf4 24. Bd3 b5 25. Ng6+ Kh7 26. Nxf4 bxc4 27. Be4 {Accuracy: White = 96%, Black = 46%.} 1-0